000
00162 a2200085 4500
041
_a
spa
100
_a
Anonimo
245
_a
Historia y cultura de granada
942
_c
BK
999
_c
9852
_d
9852